000
00332nam a2200145Ia 4500
008
230917s9999||||xx |||||||||||||| ||und||
040
_e
38390
_a
MAIN
041
_a
English
082
_a
658.1554 H27I
100
_a
Hasan, Zubair
245
0
_a
Theory of profit
260
_a
Delhi
_b
Vikas
_c
1975
300
_a
182 p.
942
_c
BK
999
_c
149991
_d
149991